000 00333nam a22001457a 4500
008 210519b ||||| |||| 00| 0 eng d
020 _a9780130833785
041 _aeng
080 _22nd
_a159.9
082 _a159.9
100 _a48
101 _aPSI
245 _aDevelopment Across the Life Span
_cFeldman,R.S
942 _2udc
_cBK
999 _c57480
_d57480